Medical X-ray Image Quiz - Statistics

General Stats
  • This quiz has been taken 41 times
  • The average score is 32 of 45
Answer Stats
Question Tile Select % Correct
Images depicting bone fractures No
91%
Images depicting bone fractures No
91%
Images depicting bone fractures No
88%
Images depicting bone fractures No
88%
Images depicting bone fractures Yes
82%
Images depicting lower extremity joints No
82%
Images depicting lower extremity joints No
79%
Images depicting lower extremity joints No
79%
Images depicting the spine No
79%
Images depicting the spine No
79%
Images depicting the spine No
79%
Images depicting the spine No
79%
Images depicting lower extremity joints No
76%
Images depicting the spine No
76%
Images with foreign/artificial objects present No
76%
Images with foreign/artificial objects present Yes
76%
Images with foreign/artificial objects present No
76%
Images with foreign/artificial objects present No
76%
Images depicting bone fractures No
74%
Images depicting lower extremity joints No
74%
Images depicting upper extremity joints No
74%
Images depicting upper extremity joints No
74%
Images depicting upper extremity joints No
74%
Images depicting the spine Yes
74%
Images with foreign/artificial objects present No
74%
Images depicting bone fractures Yes
71%
Images depicting the spine Yes
71%
Images with foreign/artificial objects present Yes
71%
Images depicting upper extremity joints No
68%
Images depicting the spine Yes
68%
Images with foreign/artificial objects present No
68%
Images depicting lower extremity joints Yes
65%
Images depicting lower extremity joints Yes
65%
Images depicting lower extremity joints Yes
65%
Images depicting upper extremity joints Yes
65%
Images depicting upper extremity joints Yes
65%
Images with foreign/artificial objects present Yes
65%
Images depicting lower extremity joints Yes
62%
Images depicting upper extremity joints No
62%
Images depicting upper extremity joints Yes
62%
Images with foreign/artificial objects present No
59%
Images depicting upper extremity joints No
53%
Images depicting the spine Yes
53%
Images depicting bone fractures Yes
50%
Images depicting bone fractures No
50%
No matching quizzes found
Score Distribution
Percent of People with Each Score
Percentile by Number Answered
Your Score History
You have not taken this quiz